ბათუმის შოთა რუსთაველის სახელმწიფო უნივერსიტეტის ბიბლიოთეკა

ზოგადი მეტყევეობა. წ.1. (ბიბ.ჩანაწერი № 35295)

000 -LEADER
fixed length control field 00846nam a2200241Ia 4500
001 - CONTROL NUMBER
control field 1145
003 - CONTROL NUMBER IDENTIFIER
control field GE_BSU
008 - FIXED-LENGTH DATA ELEMENTS--GENERAL INFORMATION
fixed length control field 181216s||||||||xx |||||||||||||| ||und||
040 ## - CATALOGING SOURCE
Transcribing agency GE_BSU
080 ## - UNIVERSAL DECIMAL CLASSIFICATION NUMBER
Universal Decimal Classification number 630(075.8)
100 ## - MAIN ENTRY--PERSONAL NAME
Personal name გულისაშვილი,ვ.
245 ## - TITLE STATEMENT
Title ზოგადი მეტყევეობა. წ.1.
245 ## - TITLE STATEMENT
Remainder of title სახელმძღვანელო სას–სამ.ინ–ტის სტუდენტებისათვის.
250 ## - EDITION STATEMENT
Edition statement მე–2–შევს და გად.გამოც
260 ## - PUBLICATION, DISTRIBUTION, ETC.
Place of publication, distribution, etc. თბილისი
260 ## - PUBLICATION, DISTRIBUTION, ETC.
Name of publisher, distributor, etc. განათლება
260 ## - PUBLICATION, DISTRIBUTION, ETC.
Date of publication, distribution, etc. 1974
300 ## - PHYSICAL DESCRIPTION
Extent 350 გვ. 26 სმ.
653 ## - INDEX TERM--UNCONTROLLED
Uncontrolled term ზოგადი მეტყევეობა
653 ## - INDEX TERM--UNCONTROLLED
Uncontrolled term მეტყევეობა
942 ## - ADDED ENTRY ELEMENTS (KOHA)
Koha item type წიგნი
ეგზემპლარები
Withdrawn status Lost status Damaged status Not for loan Date acquired Barcode Date last seen Price effective from Koha item type
        2018-12-17 2691 2018-12-17 2018-12-17 წიგნი